UBT Library

The clinical recognition of congenital heart disease / (Record no. 46967)

000 -LEADER
fixed length control field 00620cam a2200229 i 4500
001 - CONTROL NUMBER
control field 3668125
005 - DATE AND TIME OF LATEST TRANSACTION
control field 20180809062923.0
008 - FIXED-LENGTH DATA ELEMENTS--GENERAL INFORMATION
fixed length control field 780321s1978 paua b 001 0 eng
010 ## - LIBRARY OF CONGRESS CONTROL NUMBER
LC control number 77084680
020 ## - INTERNATIONAL STANDARD BOOK NUMBER
International Standard Book Number 0721671918
040 ## - CATALOGING SOURCE
Original cataloging agency DLC
Transcribing agency DLC
Modifying agency DLC
041 ## - LANGUAGE CODE
Language code of text/sound track or separate title eng
060 ## - NATIONAL LIBRARY OF MEDICINE CALL NUMBER
Classification number WG220 P449c
080 ## - UNIVERSAL DECIMAL CLASSIFICATION NUMBER
Edition identifier 2 nd
Universal Decimal Classification number 616.120 PER
082 00 - DEWEY DECIMAL CLASSIFICATION NUMBER
Classification number 616.120 PER
100 1# - Rafti
Rafti 7
101 ## - Shkurtesa
Shkurtesa KAR
245 14 - TITLE STATEMENT
Title The clinical recognition of congenital heart disease /
Statement of responsibility, etc Joseph K. Perloff.
504 ## - BIBLIOGRAPHY, ETC. NOTE
Bibliography, etc Includes bibliographies and index.
906 ## - LOCAL DATA ELEMENT F, LDF (RLIN)
a 7
b cbc
c orignew
d 1
e opcn
f 19
g y-gencatlg
942 ## - ADDED ENTRY ELEMENTS (KOHA)
Source of classification or shelving scheme
Item type Books
Holdings
Withdrawn status Lost status Source of classification or shelving scheme Damaged status Not for loan Collection code Permanent location Current location Shelving location Date acquired Total Checkouts Full call number Barcode Date last seen Price effective from Koha item type
          Koleksioni i përgjithshem UBT - Lipjan UBT - Lipjan Koleksioni i përgjithshem 08/09/2018   616.120 PER 002-3010747 08/09/2018 08/09/2018 Books
UBT Library © 2015-2024. All rights reserved University Education for Business and Technology